Estudios de literatura chilena e hispanoamericana contemporánea: análisis e interpretación de textos narrativos, líricos y dramáticos
Uloženo v:
| Médium: | Kniha |
|---|---|
| Jazyk: | španělština |
| Vydáno: |
Osorno
Universidad de los Lagos
1996
|
| Edice: | Actas Sochel
|
| Témata: | |
| Tagy: |
Přidat tag
Žádné tagy, Buďte první, kdo vytvoří štítek k tomuto záznamu!
|
MARC
| LEADER | 00000nam a2200000 a 4500 | ||
|---|---|---|---|
| 001 | UCT9877 | ||
| 003 | CL-VaPUC | ||
| 005 | 20231026091044.0 | ||
| 008 | 970412e19960000cl 1 spa d | ||
| 082 | 0 | 4 | |a H860.9 |b EST |2 21 |
| 245 | 1 | 0 | |a Estudios de literatura chilena e hispanoamericana contemporánea: análisis e interpretación de textos narrativos, líricos y dramáticos |
| 260 | |a Osorno |b Universidad de los Lagos |c 1996 | ||
| 300 | |a 373 p | ||
| 490 | 0 | |a Actas Sochel | |
| 583 | |a last modification |c 19970412 00:00:00 |k Rodrigo Vera | ||
| 650 | 0 | 0 | |a Literatura hispanoamericana |9 269097 |
| 650 | 0 | 7 | |a POESIA HISPANOAMERICANA |2 CL-VaPUC |9 267889 |
| 650 | 0 | 7 | |a TEATRO HISPANOAMERICANO |2 CL-VaPUC |9 378266 |
| 650 | 0 | 0 | |a Literatura folklórica |9 306605 |
| 650 | 0 | 0 | |a Historia y crítica |9 257407 |
| 650 | 0 | 0 | |a Congresos |9 257560 |
| 942 | |c BK | ||
| 945 | |a rleighto |d 19970412 00:00:00 | ||
| 546 | |a En Español | ||
| 518 | |p Seminario Internacional de Estudios Literarios, 8, Osorno, 23 - 26 de Noviembre de 1994 | ||
| 999 | |c 382898 |d 382896 | ||
| 952 | |0 0 |1 0 |4 0 |6 H_860_900000000000000_EST_1996 |7 0 |8 ? |9 504836 |a BIBEDU |b BIBEDU |d 2020-01-23 |i 3299791 |o H860.9 EST 1996 |p 3299791 |r 2020-01-23 |w 2020-01-23 |y BK |k LIT | ||